Best Selling Albums by Rapper - Statistics

General Stats
  • This quiz has been taken 206 times
  • The average score is 6 of 15
Answer Stats
Hint Answer % Correct
50 Cent Get Rich or Die Tryin'
81%
Kendrick Lamar Good Kid, M.A.A.D City
80%
Dr. Dre 2001
71%
Snoop Dogg Doggystyle
60%
J. Cole 2014 Forest Hills Drive
58%
N.W.A Straight Outta Compton
57%
Eminem The Marshall Mathers LP
56%
The Notorious B.I.G Life After Death
43%
Mobb Deep The Infamous
31%
Nas It Was Written
24%
2Pac Greatest Hits
18%
Wu-Tang Clan Wu-Tang Forever
14%
Beastie Boys Licensed to Ill
12%
JAY-Z Vol. 2: Hard Knock Life
8%
D12 Devil's Night
6%
No matching quizzes found
Score Distribution
Percent of People with Each Score
Percentile by Number Answered
Your Score History
You have not taken this quiz